Tìm kiếm và thăm dò khoáng sản rắn
Cuốn sách nêu khái quát về tìm kiếm và thăm dò khoáng sản, các đối tượng, các tiền đề, phương pháp và dự báo về tìm kiếm và thăm dò khoáng sản...
সংরক্ষণ করুন:
| প্রধান লেখক: | |
|---|---|
| বিন্যাস: | গ্রন্থ |
| ভাষা: | Undetermined |
| প্রকাশিত: |
Hà Nội
Đại học Quốc gia Hà Nội
2003
|
| বিষয়গুলি: | |
| ট্যাগগুলো: |
ট্যাগ যুক্ত করুন
কোনো ট্যাগ নেই, প্রথমজন হিসাবে ট্যাগ করুন!
|
| Thư viện lưu trữ: | Trung tâm Học liệu Trường Đại học Cần Thơ |
|---|
| LEADER | 00822nam a2200205Ia 4500 | ||
|---|---|---|---|
| 001 | CTU_159504 | ||
| 008 | 210402s9999 xx 000 0 und d | ||
| 020 | |c 23600 | ||
| 082 | |a 622.13 | ||
| 082 | |b Đ450 | ||
| 100 | |a Vũ, Xuân Độ | ||
| 245 | 0 | |a Tìm kiếm và thăm dò khoáng sản rắn | |
| 245 | 0 | |c Vũ Xuân Độ | |
| 260 | |a Hà Nội | ||
| 260 | |b Đại học Quốc gia Hà Nội | ||
| 260 | |c 2003 | ||
| 520 | |a Cuốn sách nêu khái quát về tìm kiếm và thăm dò khoáng sản, các đối tượng, các tiền đề, phương pháp và dự báo về tìm kiếm và thăm dò khoáng sản... | ||
| 650 | |a Mineral,Khoáng sản | ||
| 904 | |i Thảo, Hải | ||
| 980 | |a Trung tâm Học liệu Trường Đại học Cần Thơ | ||